000
00496nam a2200133Ia 4500
008
100328s9999 xx 000 0 und d
082
_b
18337
100
_a
जोशी ना.भा.
245
_a
संपूर्ण मराठी तुलसी रामायण
260
_b
सारथी
630
_a
संपूर्ण मराठी तुलसी रामायण
730
_a
संपूर्ण मराठी तुलसी रामायण
942
_c
BOOK
999
_c
512764
_d
512761